00920nam a2200265 a 450000100060000000300080000600500170001400800410003102000320007203500190010404000270012304100080015008200270015810000320018524500820021726000310029930000320033050000190036265000210038170000310040270000300043394200120046399900170047595201620049258578BD-RjUL20211209080634.0161219s1995 nyua 000 0 eng  a0471578843 (acidfree paper) a(BD-RjUL)58702 aDLCcDLCdBD-RjULbeng aeng00a338.4791223bLUT 19951 aLundberg, Donald E.917405110aTourism economics /cDonald E. Lundberg, M. Krishnamoorthy, Mink H. Stavenga. aNew York :bWiley,cc1995. ax, 196 p. :bill. ;c25 cm. aIncludes index 0aTourism.91740521 aKrishnamoorthy, M.91740531 aStavenga, Mink H.9174054 2ddccBK c58578d58578 00102ddc40718NFICaRUCLbRUCLcReadingd2008-02-06edhaka, paragon Enterprice ltd.g70.00l0o338.4791 LUT 1995r2016-12-19 00:00:00tC-1w2016-12-19yBK